00717nam a22002057a 4500003000500000005001700005008004100022010001000063011001000073035001000083040000900093100004100102245016700143260003900310300001000349502008500359650001300444650002800457650002600485CHAP20220329134502.0971013s1976 r 00010 d a21065 a22037 a26129 cCHAP00aCienfuegos Garza, José de Jesús. aEfecto de la densidad de plantas por hectárea sobre rendimiento en el cultivo del girasol (Helianthus annus L.) en la región de General Escobedo, Nuevo León aMonterrey, N.L. :bEl autor,c1976 a47 h. aTesis (Ing. Agrónomo) -- Univ. Autónoma de Nuevo León. Fac. de Agronomía14aGirasol.14aGirasolxEspaciamiento.14aGirasolxRendimiento.